| 000 | 00707cam a2200229 4500 | ||
|---|---|---|---|
| 003 | OSt | ||
| 005 | 20151109104159.0 | ||
| 008 | 080811s2008 sp 000 j spa | ||
| 020 | _a978-84-206-6248-0 | ||
| 040 | _cBMC | ||
| 082 | _a853 | ||
| 100 | 1 |
_aSvevo, Italo _d1861-1928 _937080 |
|
| 245 | 1 | 0 |
_aCorto viaje sentimental _cItalo Svevo; traducción y nota preliminar de Carmen Martín Gaite |
| 250 | _a1ª ed | ||
| 260 |
_aMadrid _bAlianza _c2008 |
||
| 300 |
_a255 p. _c18 cm |
||
| 490 | _aLiteratura contemporáneos | ||
| 595 | _aTraducción de: Corto viaggio sentimentale | ||
| 650 | 2 | 4 |
_929384 _aNovela italiana |
| 700 | 1 |
_aMartín Gaite, Carmen _d1925-2000 _929354 |
|
| 942 |
_2ddc _cBK |
||
| 999 |
_c23354 _d23354 |
||